Music Quiz

Random Music or Song Quiz

Disturbed's Songs Quiz Stats

Quiz not verified by Sporcle

Challenge
Share
Tweet
Embed
Score 0/62 Timer 12:00
0 Plays Today
% Correct
Down With The Sickness
92.9%
Ten Thousand Fists
85.4%
Indestructible
82.1%
Inside The Fire
79.7%
Believe
75%
Stricken
74.1%
Stupify
73.6%
The Night
73.1%
Prayer
72.2%
The Game
67.9%
Voices
66%
Liberate
63.7%
Facade
62.7%
Land Of Confusion
62.3%
Shout 2000
59.9%
Droppin' Plates
59.9%
Sons Of Plunder
57.5%
Haunted
57.1%
Perfect Insanity
56.6%
Avarice
55.7%
Deify
55.2%
Guarded
54.7%
Darkness
53.3%
Divide
53.3%
Criminal
52.8%
Numb
52.4%
Just Stop
52.4%
Enough
52.4%
The Curse
52.4%
Deceiver
51.9%
Torn
51.9%
% Correct
Mistress
51.4%
Fear
50.9%
I'm Alive
50.5%
Remember
50%
Decadence
50%
Conflict
49.1%
Awaken
49.1%
Pain Redefined
48.6%
Violence Fetish
48.1%
Want
48.1%
Meaning Of Life
48.1%
Rise
47.6%
Devour
47.2%
Overburdened
47.2%
Intoxication
46.2%
Bound
44.8%
Breathe
41%
Forgiven
40.6%
Sacred Lie
39.2%
Asylum
34%
The Animal
28.3%
Warrior
25.5%
Remnants
25%
Another Way To Die
24.5%
The Infection
23.6%
My Child
23.6%
Serpentine
22.2%
Innocence
21.7%
Never Again
21.2%
Crucified
20.3%
Sacrifice
19.8%

You're not logged in!

Compare scores with friends on all Sporcle quizzes.
Sign Up with Email
OR
Log In

You Might Also Like...

Show Comments

Extras

Top Quizzes Today


Score Distribution

Your Account Isn't Verified!

In order to create a playlist on Sporcle, you need to verify the email address you used during registration. Go to your Sporcle Settings to finish the process.

Report this User

Report this user for behavior that violates our Community Guidelines.

Details: